| 000 | 01026nam a2200253 u 4500 | ||
|---|---|---|---|
| 001 | 000306048 | ||
| 003 | AM-YeHGA | ||
| 005 | 20250618071949.0 | ||
| 008 | 040206s1968 ai r 000 0 arm d | ||
| 040 | _aAM-YeHGA | ||
| 041 | 1 |
_aarm _heng |
|
| 080 | _aՍ(Անգլ.) | ||
| 090 | _aԼ-64 | ||
| 100 | 1 | _aԼիր, Էդուարդ | |
| 245 | 1 | 0 |
_aՋամբլիների աշխարհում : _bԲանաստեղծություններ / _cԷ. Լիր; Անգլ. փոխ.՝ Է. Ավագյան; Խմբ.՝ Շ.Ա. Գրիգորյան; Նկ.՝ Ա. Բոյաջյան. |
| 260 |
_aԵրևան : _bՀայաստան, _c1968. |
||
| 300 |
_a44 էջ : _bնկ. ; _c20 սմ. |
||
| 650 | 1 | 4 |
_aԱնգլիական մանկական գրականություն _xՊոեզիա |
| 700 | 1 |
_aԱվագյան, Էդուարդ Սամվելի, _d1927-2010 _eթարգմ. _4trl _91279 |
|
| 700 | 1 |
_aԳրիգորյան, Շ.Ա. _eխմբ. _4edt |
|
| 700 | 1 |
_aԲոյաջյան, Աիդա Միհրանի, _d1932-2019 _eնկ. _4art _93748 |
|
| 942 |
_2udc _cBK |
||
| 090 | _c114153 | ||
| 999 |
_c112814 _d112814 |
||